| 000 | 00868nam a2200229 a 4500 | ||
|---|---|---|---|
| 001 | 1999 | ||
| 003 | CDMR | ||
| 005 | 20131113135255.0 | ||
| 008 | 130130s1994||||||||||||||||||||||||||||d | ||
| 020 | _a847585625X | ||
| 040 |
_aCDMR _bcat _cCDMR |
||
| 100 | 1 |
_aDiezhandino, María Pilar _91492 |
|
| 245 | 1 | 3 |
_aLa elite de los periodistas _b: cómo son, que piensan, de qué forma entienden la profesión, quién les presiona y cuáles son las aficiones de los periodistas más importantes _cMaría Pilar Diezhandino, Ofa Bezunartea, César Coca |
| 260 |
_aBilbao _c1994 _bUniversidad del País Vasco |
||
| 300 | _a236 p. | ||
| 490 | 0 |
_aComunicación (Universidad del País Vasco) _v2 |
|
| 650 | 0 | 4 |
_93782 _aPeriodistes _xPràctica professional |
| 650 | 0 | 4 |
_93726 _aPeriodistes _zEspanya |
| 700 | 1 |
_92178 _aBezunartea, Ofa |
|
| 700 | 1 |
_93688 _aCoca, César |
|
| 942 |
_cMON _2udc |
||
| 999 |
_c1999 _d1999 |
||